| 000 | 00668nam a22002177a 4500 | ||
|---|---|---|---|
| 005 | 20130417111621.0 | ||
| 008 | 130417b xxu||||| |||| 00| 0 eng d | ||
| 010 | _aENG-106880 | ||
| 020 |
_a9780230330740 _c399.00 |
||
| 035 | _aEN-90413 | ||
| 037 | _bDBAD/PUB | ||
| 040 |
_aDPL _bEng |
||
| 082 | _a270.72 | ||
| 100 | _aHabibur Rehman | ||
| 245 |
_aThe Muslim mindset, terrorism and jihad in Islam / _cby Habibur Rehman |
||
| 260 |
_aGurgaon _bMacmillan Publishers _c2011 |
||
| 270 |
_a3A, 5th Floor, DLF Corporate Park _bGurgaon _e122002 |
||
| 300 |
_aiv,242p. : _c22cm(Hb) _bill. |
||
| 500 | _aIncludes index | ||
| 942 |
_2ddc _cEN _h270.72 _mHAB |
||
| 999 |
_c74633 _d74633 |
||